000 00678cam a22002291 4500
999 _c9672
_d9672
001 4997825
003 OSt
005 20210120172845.0
008 000264019151915pau b 000 0 eng d
040 _aCDC
_cCDC
_dASC
050 4 _aBT821
_b.C4 1926
050 4 _aBT821
_b.C4 1926
090 _aBT821
_b.C4 1926
090 _aBT821 .C4 1926
100 1 _aChafer, Lewis Sperry,
_d1871-1952.
245 1 4 _aThe kingdom in history and prophecy /
_cBy Lewis Sperry Chafer.
260 _aPhiladelphia :
_bSunday School Times Co.,
_c[c1915] 1919 printing.
300 _a159 p. ;
_c20 cm.
504 _aBibliography: p. 158-159.
650 0 _aMillennium (Eschatology)
942 _2ddc
_cBK